000 00974nam a2200277Ia 4500
003 OSt
005 20220930092720.0
006 a|||||r|||| 00| 0
007 ta
008 220926b |||||||| |||| 00| 0 eng d
024 _a24198
037 _cTheses
040 _aCRL
_cCRL
_beng
041 _2eng
_aeng
100 _aS. Shankar
_9549562
110 _aUniversity OF Delhi. Faculty OF Medical Sciences. Department OF General Surgery
245 0 _aPrevalence of lower urinary tract symptoms (LUTS) in patients undergoing inguinal hernia repair
260 _c2015
650 _aSURGERY
700 _a Dr. R. C. M. Kaza Gu.
700 _a Dr. S. Krishan Prakash Gu.
_9549563
700 _a Dr. Sudhir Kumar Jain Gu.
_9549564
700 _aUniversity OF Delhi. Faculty OF Medical Sciences. Department OF General Surgery
942 _cDIS
_2CC
999 _c884199
_d884199